000 00503nam a2200205Ia 4500
005 20250508151949.0
008 008 250505s9999 xx 000 0 eng d
037 _aBooks to be hide in OPAC
040 _aFEDL
_beng
_cFEDL
041 _aeng
_2eng
084 _qFEDL
100 _aBaonskaya
_9760471
245 0 _aText book on geography: For class 4th
260 _c1956
300 _a151p.
546 _aWeeded out
700 _a Roush
_9760472
942 _cHB
999 _c1333244
_d1333244